| 000 | 00419nam a2200169 a 4500 | ||
|---|---|---|---|
| 001 | 0000-9121 | ||
| 003 | ELIB.Books | ||
| 008 | 110520 1980 | ||
| 035 | _a(ELIB.Books)0000-9270 | ||
| 082 |
_a297 _bPal |
||
| 100 | _aPalmer, Bernard | ||
| 245 | _aUnderstanding the Islamic Explosion | ||
| 260 |
_bCanada: Horizon _c1980 |
||
| 650 | _aReligion | ||
| 942 |
_2ddc _cBK |
||
| 998 |
_cbat _e2011-05-20 |
||
| 999 |
_c9121 _d9121 |
||